000 00580nam a2200205 4500
001 145226
003 ES-MaACL
005 20231207063033.0
007 t|
008 070214s1952 sp r ||||1| spa d
100 1 _aSouvirón, José María
_d1904-1973
_9107605
245 1 3 _aLa danza y el llanto /
_cJosé María Souviron.
250 _a1ª. ed.
260 _aBarcelona :
_bLuis de Caralt,
_c1952.
300 _a508 p. ;
_c21 cm.
490 1 _aCol. gigante
830 0 _aCol. gigante
_9187067
852 _aES-MaACL
_jC-5925
_bR.34074
999 _c145226
_d145226